| 000 | 01314nam a22001937a 4500 | ||
|---|---|---|---|
| 008 | 251112b |||||||| |||| 00| 0 eng d | ||
| 020 | _a9780356504551 | ||
| 040 | _ctbs | ||
| 041 | _aeng | ||
| 100 |
_aNorth, Claire _926321 _eauthor |
||
| 245 |
_aThe sudden appearance of Hope _c/ Claire North. |
||
| 260 |
_aLondon : _bOrbit, _c2017. |
||
| 300 |
_a468 pages ; _c20 cm. |
||
| 520 | _aThe World Fantasy Award-winning thriller about a girl no one can remember, from the acclaimed author of The First Fifteen Lives of Harry August and 84K . My name is Hope Arden, and you won't know who I am. But we've met before -- a thousand times. It started when I was sixteen years old. A father forgetting to drive me to school. A mother setting the table for three, not four. A friend who looks at me and sees a stranger. No matter what I do, the words I say, the crimes I commit, you will never remember who I am. That makes my life difficult. It also makes me dangerous. The Sudden Appearance of Hope is a riveting and heartbreaking exploration of identity and existence, about a forgotten girl whose story will stay with you forever. | ||
| 650 | 0 |
_aThieves _vFiction _926487 |
|
| 650 | 0 |
_aElectronic surveillance _vFiction _926488 |
|
| 650 | 0 |
_aSelf-actualization (Psychology) _vFiction _926146 |
|
| 942 | _2lcc | ||
| 999 |
_c5173 _d5173 |
||